| 000 | 00967cam a22002653a 4500 | ||
|---|---|---|---|
| 001 | 13217 | ||
| 003 | PGUSA | ||
| 005 | 20140828083302.0 | ||
| 008 | 040818s2004||||xxu|||||s|||||000 | eng d | ||
| 040 |
_aPGUSA _beng |
||
| 042 | _adc | ||
| 050 | 4 | _aE300 | |
| 100 | 1 | _aUnited States. Work Projects Administration | |
| 245 | 1 | 0 |
_aSlave Narratives : _ba Folk History of Slavery in the United States : From Interviews with Former Slaves Ohio Narratives _h[electronic resource] / _cUnited States. Work Projects Administration |
| 260 |
_bProject Gutenberg, _c2004 |
||
| 506 | _aPublic domain in the USA. | ||
| 516 | _aElectronic text | ||
| 653 | _aAfrican Americans -- History -- 19th century | ||
| 653 | _aAfrican Americans -- Ohio -- Biography | ||
| 653 | _aSlaves -- United States -- Biography | ||
| 653 | _aSlaves -- United States -- Social conditions | ||
| 830 | 0 |
_aProject Gutenberg _v13217 |
|
| 856 | 4 | 0 | _uhttp://www.gutenberg.org/ebooks/13217 |
| 942 | _cEB | ||
| 999 |
_c242472 _d242472 |
||